000 00553nam a2200181Ia 4500
005 20250508160602.0
008 008 250505s9999 xx 000 0 eng d
037 _aTextual
040 _aFEDL
_beng
_cFEDL
041 _aeng
_2eng
084 _a507, LAN
_qFEDL
100 _aLangley Rita
_9768846
245 0 _aTeaching elementary science: The teacher's guide to effective classroom activities
260 _aWest Nyack
_bParker Publishing Company
_c1968
300 _aviii,576p
942 _cTEXL
_h507, LAN
999 _c1365465
_d1365465